000 00685nam a2200241Ia 4500
003 OSt
005 20220926000814.0
006 a|||||r|||| 00| 0
007 ta
008 220923b |||||||| |||| 00| 0 eng d
037 _cGeneral Book
040 _aRTL
_cRTL
_beng
041 _2eng
_aeng
082 _aX:89K.252PB.N8, M9
100 _aGiri V P
_9303020
245 0 _aDynamics of area planning
260 _a New Delhi
_bInter-India India
_c1989
300 _a255p.
_ccm.
500 _aAppendix: P 231-45; Bibliography: P 246-52
650 _aRegional Economics
942 _hX:89K.252PB.N8, M9
_cGB
_2CC
999 _c599783
_d599783